000 00304nam a2200133 i 4500
001 bg
100 1 _aRYMUZA, Z.
245 0 _aTrybologia polimerów ślizgowych /
_cZ. Rymuza.
260 _aWarszawa,
_c1986.
040 _cBPK
041 _apol
942 _cKS
008 s pl f |000 0 pol
999 _c2872
_d2872
856 _uhttp://koha.tu.koszalin.pl/cgi-bin/koha/opac-detail.pl?biblionumber=2872
_yKatalog online BPK